<?xml version="1.0" encoding="UTF-8"?><?xml-stylesheet type="text/xsl" href="static/style.xsl"?><OAI-PMH xmlns="http://www.openarchives.org/OAI/2.0/" xmlns:xsi="http://www.w3.org/2001/XMLSchema-instance" xsi:schemaLocation="http://www.openarchives.org/OAI/2.0/ http://www.openarchives.org/OAI/2.0/OAI-PMH.xsd"><responseDate>2026-04-17T07:43:34Z</responseDate><request verb="GetRecord" identifier="oai:www.recercat.cat:10230/35209" metadataPrefix="marc">https://recercat.cat/oai/request</request><GetRecord><record><header><identifier>oai:recercat.cat:10230/35209</identifier><datestamp>2025-12-13T20:52:28Z</datestamp><setSpec>com_2072_6</setSpec><setSpec>col_2072_452954</setSpec></header><metadata><record xmlns="http://www.loc.gov/MARC21/slim" xmlns:dcterms="http://purl.org/dc/terms/" xmlns:xsi="http://www.w3.org/2001/XMLSchema-instance" xmlns:doc="http://www.lyncode.com/xoai" xsi:schemaLocation="http://www.loc.gov/MARC21/slim http://www.loc.gov/standards/marcxml/schema/MARC21slim.xsd">
   <leader>00925njm 22002777a 4500</leader>
   <datafield ind2=" " ind1=" " tag="042">
      <subfield code="a">dc</subfield>
   </datafield>
   <datafield ind2=" " ind1=" " tag="720">
      <subfield code="a">Sueiro Palomanes, Tania</subfield>
      <subfield code="e">author</subfield>
   </datafield>
   <datafield ind2=" " ind1=" " tag="260">
      <subfield code="c">2018-07-20T10:03:27Z</subfield>
   </datafield>
   <datafield ind2=" " ind1=" " tag="260">
      <subfield code="c">2018-07-20T10:03:27Z</subfield>
   </datafield>
   <datafield ind2=" " ind1=" " tag="260">
      <subfield code="c">2018</subfield>
   </datafield>
   <datafield ind2=" " ind1=" " tag="520">
      <subfield code="a">Treball de Fi de Grau en Criminologia i Polítiques Públiques de Prevenció. Curs 2017-2018</subfield>
   </datafield>
   <datafield ind2=" " ind1=" " tag="520">
      <subfield code="a">Tutora: Ana Martínez Catana</subfield>
   </datafield>
   <datafield ind2=" " ind1=" " tag="520">
      <subfield code="a">Esta investigación está orientada a conocer aquellas conductas y cognicionesrelacionadas&#xd;
con los celos predominantes en las relaciones de noviazgo adolescente y analizar como&#xd;
varían tras la aplicación de una intervención educativa, específicamente diseñada para&#xd;
una muestra de 102 jóvenes de entre 15 y 17 años.&#xd;
Los resultados apoyan la hipótesis principal y muestran como en tres de las cuatro&#xd;
variables estudiadas un porcentaje significativo de jóvenes disminuye el número de&#xd;
respuestas celotípicas en la segunda fase del estudio. No obstante, se detectan&#xd;
comportamientos contrarios no significativos en una de las variables.&#xd;
Estos datos revelan la importancia de las intervenciones educativas en materia de&#xd;
prevención de conductas de riesgo en el seno de las relaciones sentimentales.</subfield>
   </datafield>
   <datafield ind2=" " ind1=" " tag="520">
      <subfield code="a">This research is oriented to know those predominant behaviours and cognitions related to jealousy in teenager-dating relationships. Furthermore, it analyses how they change after applying an educational intervention, specifically designed for a sample of 102 adolescents, all of them between 15 and 17 years old.&#xd;
The results support the main hypothesis and show how three of the four variables studied exist a significant percentage of young people who decreases the number of celotypic responses in the second phase of the study. However, inconsistent non-significant behaviours are detected in one of the variables.&#xd;
In conclusion, these data reveal the importance of educational interventions for the&#xd;
prevention of risk behaviour in the context of sentimental relationships.</subfield>
   </datafield>
   <datafield tag="653" ind2=" " ind1=" ">
      <subfield code="a">Treball de fi de grau – Curs 2017-2018</subfield>
   </datafield>
   <datafield tag="653" ind2=" " ind1=" ">
      <subfield code="a">Adolescència</subfield>
   </datafield>
   <datafield tag="653" ind2=" " ind1=" ">
      <subfield code="a">Gelosia</subfield>
   </datafield>
   <datafield tag="653" ind2=" " ind1=" ">
      <subfield code="a">Amor en l&amp;apos;adolescència</subfield>
   </datafield>
   <datafield tag="653" ind2=" " ind1=" ">
      <subfield code="a">Adolescents – Actituds</subfield>
   </datafield>
   <datafield ind2="0" ind1="0" tag="245">
      <subfield code="a">Los celos y el amor romántico en los jóvenes : una intervención educativa</subfield>
   </datafield>
</record></metadata></record></GetRecord></OAI-PMH>